000
00328nam a2200133Ia 4500
008
240624s9999 xx 000 0 und d
041
_a
eng
082
_a
332 SMI
100
_a
SMITH ADAM
245
_a
SUPERMONEY
260
_c
2006
_a
New Jersey
_b
John Wiley and Sons
300
_a
xxxviii, : 298 : p. : cm. ; 21
365
_c
_b
30
999
_c
19116
_d
19116